| 000 | 01722cam a22004814i 4500 | ||
|---|---|---|---|
| 003 | PE-LiUPU | ||
| 005 | 20250731173430.0 | ||
| 008 | 150706s2012 tnu r 000 0 spa d | ||
| 020 | _a9781433678578 | ||
| 035 | _a(Sirsi) i9781433678578 | ||
| 040 |
_aPE-LiUPU _bspa _cPE-LiUPU _erda |
||
| 049 | _aPRUA | ||
| 082 | 0 | 4 |
_a236 _bG96 _221 |
| 100 | 1 |
_aGutiérrez, Ben, _eautor. |
|
| 245 | 1 | 3 |
_aLa mente de Cristo : _bclaves para descubrirla y ponerla en práctica diariamente / _cBen Gutiérrez. |
| 264 | 1 |
_aNashville, Tennessee : _bB&H Publishing Group, _c2012. |
|
| 300 |
_a144 páginas ; _c22 centímetros |
||
| 336 |
_atext _2rdacontent |
||
| 337 |
_aunmediated _2rdamedia |
||
| 338 |
_avolume _2rdacarrier |
||
| 505 | 0 | _a¿Qué es con exactitud la "mente de Cristo"? -- Un ejemplo de la mente de Cristo -- "Mente de Cristo" ¡Aplicada! -- La "mente de Cristo". | |
| 526 | _aSEG42 | ||
| 526 | _aSEG41 | ||
| 526 | _aSEG40 | ||
| 526 | _aSEG39 | ||
| 526 | _aP94 | ||
| 526 | _aP87 | ||
| 526 | _aP86 | ||
| 526 | _aP85 | ||
| 526 | _aP77 | ||
| 526 | _aP76 | ||
| 526 | _aP35 | ||
| 541 | _g001-0000623; | ||
| 650 | 0 | 4 |
_aEscatología. _95923 |
| 650 | 0 | 4 | _aJesucristo. |
| 650 | 0 | 4 |
_aReligión. _95128 |
| 910 |
_clch _d20130514 |
||
| 942 |
_2ddc _cBOOK |
||
| 949 |
_a236 G96 _wDEWEY _c1 _i67062 _lCCODEBUL1 _mBUL _p18.00 _r0 _sY _tBOOK _u2015-7-6 _xTEOLOGIA _PP35 _o.STAFF. Colección General |
||
| 994 |
_aC0 _bPEPRU |
||
| 596 | _a1 | ||
| 999 |
_a236 G96 _wDEWEY _c54769 _i67062 _d54769 _e2017-5-25 _f2021-11-10 _g5 _lCCODEBUL1 _mBUL _n1 _p18.00 _r0 _sY _tBOOK _u2015-7-6 _xTEOLOGIA _PP35 _0COMPRA _o.STAFF. Colección Teología |
||
| 980 |
_81 _gALBERTO SANCHEZ Responsable de Automatización |
||